Linked Country Name Puzzle - Statistics

General Stats
  • This quiz has been taken 129 times
  • The average score is 12 of 16
Answer Stats
Country #1 Country #2 Answer % Correct
East Asia Central America J{apanam}a
93%
North America South America M{exicolombi}a
91%
Southeast Asia Southern Africa V{ietnamibi}a
88%
South America Eastern Europe P{erussi}a
82%
Middle East Western Europe K{uwaital}y
81%
South Asia Oceania N{epala}u
77%
Oceania South America N{aurugua}y
76%
West Africa Western Europe N{igerman}y
75%
Carribbean South Asia C{ubanglades}h
73%
Western Europe Southeast Asia S{paindonesi}a
72%
South Asia East Africa P{akistanzani}a
70%
South America Middle East C{hilebano}n
69%
Central America Southeast Asia G{uatemalaysi}a
68%
Southeast Asia North Africa E{ast Timorocc}o
65%
West Africa East Africa B{urkina Fasomali}a
64%
Southern Europe East Asia M{altaiwa}n
60%
No matching quizzes found
Score Distribution
Percent of People with Each Score
Percentile by Number Answered
Your Score History
You have not taken this quiz